Carlota no dice ni pio / (Registro nro. 30682)

Detalles MARC
000 -LEADER
fixed length control field 00434nam a22001337a 4500
008 - FIXED-LENGTH DATA ELEMENTS--GENERAL INFORMATION
fixed length control field 240220b |||||||| |||| 00| 0 eng d
020 ## - INTERNATIONAL STANDARD BOOK NUMBER
International Standard Book Number 9788494292934
082 ## - DEWEY DECIMAL CLASSIFICATION NUMBER
Classification number C
Item number ANDC10
100 ## - MAIN ENTRY--PERSONAL NAME
Personal name Andres, Jose Carlos.
Relator term autor
9 (RLIN) 43481
245 ## - TITLE STATEMENT
Title Carlota no dice ni pio /
Statement of responsibility, etc. Jose Carlos Andrés y Emilio Urberuaga
260 ## - PUBLICATION, DISTRIBUTION, ETC.
Place of publication, distribution, etc. Medellín:
Name of publisher, distributor, etc. Nubeocho editores,
Date of publication, distribution, etc. 2014
300 ## - PHYSICAL DESCRIPTION
Extent 15 páginas:
Other physical details Ilustraciones a color;
Dimensions 21 cm.
942 ## - ADDED ENTRY ELEMENTS (KOHA)
Source of classification or shelving scheme Dewey Decimal Classification
Existencias
Withdrawn status Lost status Source of classification or shelving scheme Damaged status Not for loan Home library Current library Date acquired Total Checkouts Full call number Barcode Date last seen Copy number Price effective from Koha item type Public note
    Dewey Decimal Classification     Biblored Biblioteca Pública José María del Castillo y Rada 02/16/2024   C ANDC10 35714005468300   Ej. 1 02/20/2024 Books Material interbibliotecario Bibliored